000 00845nam0a22002531 4500
001 rc\1026336
005 20250622083014.0
035 _a(NLR Aleph) 006190494
090 _a6161148
_c6161148
100 _a20041129d1981 |||y0rusy50 ca
101 0 _arus
102 _aRU
105 _aa |||||||||
200 1 _aИсточники вторичного электропитания радиоэлектронной аппаратуры
210 _aМ.
_cРадио и связь
_d1981
215 _a224 с.
_cил.
_d20
225 1 _aМассовая радиобиблиотека
_vВып. 1035
320 _aБиблиогр.: с. 222-223 (32 назв.)
700 1 _aРомаш
_bЭ.М.
_gЭдуард Михайлович
801 0 _aRU
_bNLR
_gpsbo
801 1 _aRU
_bELAR
_2rusmarc
852 _aNLR
_j81-3/9626
942 _cBOOK
980 _aNB